000 00647nam a2200229 a 4500
001 000023257
005 20200930022107.0
008 101201s1995 sp r 000 f spa d
020 _a8420646776
040 _aDO-SdBNP
_bspa
_cBNPHU
082 _a863.64
_bV393c
100 1 _aVázquez Montalbán, Manuel,
_d1939-2003
_920828
245 1 0 _aCuarteto /
_cManuel Vázquez Montalbán.
260 _aMadrid :
_bAlianza,
_c1995.
300 _a93, [3] p. ;
_c15 cm.
490 1 _aAlianza cien
_v77
650 4 _aNovela española
_91123
650 4 _aLiteratura española
_9632
830 0 _aAlianza cien ;
_v77
_912832
910 _aWM
049 _aBNGR
999 _c22754
_d22754